• 首页
  • 本馆介绍
  • 公告通知
  • 最新文献
  • 馆藏检索
  • 电子资源
  • 读者导购
  • 参考咨询
  • 我的图书馆
  • 登录
  • 详细信息显示
  • 放入我的书架
  • 预约/预借图书
  • 作者相关作品
  • 分类相关作品
  • 丛书相关作品
  • 出版社相关作品

书目信息

  • 表格格式
  • 工作单格式
  • 卡片格式
书名: China's socialist modernization
作者: edited by Yu Guangyuan
分册号:
分册名:
出版地: Beijing :
 
出版社: Foreign Languages Pr
出版时间: 1984.
页数: 775 p. :
开本: 21 cm.
丛书名:
中图分类号:
科图分类号:
其他分类号: F12
主题词:
电子资源:
000 00899nam 2200253 a 4500
001 E0738237528
005 20070225103729.23
008 001 0 eng
008 uu
040    @aCcBjTSG
041 1  @aeng @hchi
043    @aa-cc---
049    @aN5LA
090    @a2C/F124/C53////////973505/-07/ 3cop.
090    @aF12
096    @aF124 @v2
099    @dF12@ex1
242 00 @a中国社会主义现代化建设 : @b1981~1985 / @c于光远主编 @ychi
245 00 @aChina's socialist modernization / @cedited by Yu Guangyuan
260    @aBeijing :@bForeign Languages Pr.,@c1984.
300    @a775 p. :@bill. ;@c21 cm.
651  0 @aChina @xEconomic policy @y1976-2000.
700 1  @aYu, Guangyuan, @eed. @b00 @c20020930 @lNLC09 @h2246 @lNLC09 @h2301 @lNLC09 @h1852 @b40 @c20030329 @lNLC09 @h1940 @b40 @c20030329 @lNLC09 @h1940 @b40 @c20051030 @lNLC09 @h1843
852 9  @bWWJC @cJ08S @k2C @hF124 @iC53
    
    China's socialist modernization / / edited by Yu Guangyuan.-Beijing : : Foreign Languages Pr., , 1984.
    775 p. : : ill. ; ; 21 cm.
    
    
    ISBN
    
●
相关链接 在E读中查询图书 在五车中查询图书 在当当中查询图书 在豆瓣中查询图书


正题名:China's socialist modernization     索取号:F12/x1         预约/预借

序号 登录号 条形码 馆藏地/架位号 状态 备注
1 181408   001177577   第四借阅区/ [索取号:F12/x1] 在馆    
2 181409   001177657   第二样本阅览室/ [索取号:F12/x1] 在馆    
唐山师范学院图书馆 欢迎您!
大连网信软件有限公司© 版权所有